Ranking dos Estados Brasileiros por população branca - Statistics

Estatísticas Gerais
  • Esse quiz foi jogado 208 vezes
  • A pontuação média é 19 de 27
Estatísticas das Respostas
# Estado População branca % Correto
1 Santa Catarina 83,9%
100%
3 Paraná 70,1%
99%
2 Rio Grande do Sul 83,2%
99%
4 São Paulo 63,7%
96%
5 Rio de Janeiro 47,4%
94%
6 Mato Grosso do Sul 46,8%
88%
7 Minas Gerais 45,1%
83%
8 Espírito Santo 42,1%
82%
10 Goiás 41,4%
78%
9 Distrito Federal 41,8%
77%
11 Rio Grande do Norte 40,8%
66%
13 Mato Grosso 37,2%
65%
12 Paraíba 39,7%
65%
14 Pernambuco 36,5%
65%
16 Ceará 31,6%
61%
17 Alagoas 31,0%
59%
18 Sergipe 27,7%
59%
23 Bahia 22,0%
58%
15 Rondônia 35,0%
57%
26 Amazonas 21,2%
54%
25 Pará 21,6%
54%
27 Roraima 20,9%
54%
22 Acre 23,3%
53%
21 Amapá 23,8%
53%
20 Piauí 24,2%
53%
24 Maranhão 21,9%
50%
19 Tocantins 24,5%
47%
Nenhum quiz correspondente encontrado
Distribuição das Pontuações
Porcentagem de Pessoas com Cada Pontuação
Percentil de Números Respondidos
Sua Pontuação Histórica
Você não jogou esse quiz